| 000 | 02005nam a22003497a 4500 | ||
|---|---|---|---|
| 001 | 103204 | ||
| 003 | KnowledgeUnlatched | ||
| 005 | 20210303105022.0 | ||
| 006 | m o d | ||
| 007 | cr u|||||||||| | ||
| 008 | 210129p20172019xx o u00| u eng d | ||
| 037 | _5BiblioBoard | ||
| 245 | 0 | 0 |
_aL'école des sages-femmes _bNaissance d'un corps professionnel (1786-1917) / _cNathalie Sage Pranchère. |
| 020 | _a9782869066113 | ||
| 029 | 1 | _ahttps://library.biblioboard.com/ext/api/media/744953f8-e715-453e-aebd-8871bd639825/assets/thumbnail.jpg | |
| 040 |
_aScCtBLL _cScCtBLL |
||
| 100 | 1 |
_aPranchère, Nathalie Sage _eauthor. |
|
| 264 | 1 | _bPresses universitaires François-Rabelais (PUFR), | |
| 300 | _a1 online resource (1 p.) | ||
| 506 | 0 |
_aAccess copy available to the general public. _fUnrestricted _2star |
|
| 520 | _aProtéger l'homme « au moment où il arrive au port de la vie », telle est la mission que les gouvernements français, de l'Ancien Régime à la IIIe République, assignent aux sages-femmes. Accompagnatrices des mères et désormais membres du corps médical, les sages-femmes se sont constituées au cours du XIXe siècle en profession scientifique, détentrice d'un savoir riche et varié. Partout en France, leur formation a occupé administrateurs et médecins, faisant naître des dizaines d'écoles dans les départements. | ||
| 588 | 0 | _aDescription based on print version record. | |
| 590 | _aOpenEdition Books Select 2018: HSS Backlist Books | ||
| 650 | 7 |
_aHistory / Europe / France _2bisacsh |
|
| 650 | 0 | _aHistory | |
| 655 | 0 | _aElectronic books. | |
| 758 |
_iIs found in: _aKnowledge Unlatched _1https://openresearchlibrary.org/module/2774bc74-146a-484f-a7ba-ab1d6a09bbfb |
||
| 856 | 4 | 0 |
_uhttps://openresearchlibrary.org/content/744953f8-e715-453e-aebd-8871bd639825 _zView this content on Open Research Library. _70 |
| 999 |
_c33274 _d33274 |
||